000 00565nam a22001577a 4500
005 20241126131504.0
008 241126b |||||||| |||| 00| 0 eng d
040 _aKMU
_cKMU
_dKMU
_erda
050 _aS 494.5A45
100 _aPalmer Jeff
245 _aSlopping agricultural land technology(salt):
_bNitrogen fixing agroforestry for sustainable soil and water conservation/
_cJeff Palmer
260 _aPalestine:
_bMindanao Baptist Rural Life Center(MBRLC)
_c1996.
300 _a51 P.:
_bill.;
_c29cm
500 _aInclude appendices and references
942 _2lcc
_cBK
_n0
999 _c1440
_d1440